00743nam a2200169Ia 4500001001100000003000500011008004100016010001100057040000900068100002800077245021800105260003400323300002200357502010500379700003900484710005000523Para_10153CHAP220125sNovi xx 000 0 und d a208847 cCHAP aLeón González, Juan aEvaluación in vitro de trichoderma spp. contra el complejo de marchitez (fusarium spp., Phytophthora sp. y Pythium sp.) e lechuga (Lactuca sativa L.) /c Juan León González; Director Bertha Tlapal Bolaños aChapingo, Méx. :b el autor a1 CDS ROM (46 p.) aTesis (Ing. Agr. Esp. en Parasitología Agrícola). UACh. Departamento Parasitología Agrícola aTlapal Bolaños, Bertha. Director aUACh. Departamento Parasitología Agrícola